000 01081nam a22002537a 4500
999 _c13
_d13
003 AR-CdUCM
008 190220b ||||| |||| 00| 0 spa d
040 _aMUNICIPALIDAD PROVINCIAL DEL CUSCO
_cBIBLIOTECA MUNICIPAL DEL CUSCO
041 _heng
082 _a382 /
_bM26
100 _aMarsh, Donald Bailey
_968
245 _aComercio Mundial e Inversión Internacional :
_bEconomía de la Interdependencia /
260 _aMéxico D.F :
_bFondo de Cultura Económica,
_c1957.
300 _a741 paginas ;
_c22 cm.
505 _aContenido: El volumen y la composición del comercio internacional -- Los mercados internacionales de mercancías -- Los mercados internacionales de dinero y capital -- Los movimientos de capital a corto plazo -- los movimientos de capital a largo plazo ...
650 _aComercio mundial
_969
650 _aInversión internacional
_970
650 _aCorrientes de ingresos
_971
650 _aImportaciones
_972
700 _aVelasco Terrés, Raúl (traductor)
_973
700 _aPagés, Pedro
_974
942 _2ddc
_cLIBROS
945 _aacv
_d2019-02-20